Ingles (Record no. 258956)
[ view plain ]
| 000 -LEADER | |
|---|---|
| fixed length control field | 01455nim a2200433Ka 4500 |
| 001 - CONTROL NUMBER | |
| control field | PASb10722662 |
| 003 - CONTROL NUMBER IDENTIFIER | |
| control field | PAS |
| 005 - DATE AND TIME OF LATEST TRANSACTION | |
| control field | 20240308115917.0 |
| 007 - PHYSICAL DESCRIPTION FIXED FIELD--GENERAL INFORMATION | |
| fixed length control field | sd fsngnnnnned |
| 008 - FIXED-LENGTH DATA ELEMENTS--GENERAL INFORMATION | |
| fixed length control field | 010521s2000 nyunnn j eng d |
| 020 ## - INTERNATIONAL STANDARD BOOK NUMBER | |
| International Standard Book Number | 0743517741 : |
| Terms of availability | $19.95 |
| 024 1# - OTHER STANDARD IDENTIFIER | |
| Standard number or code | 076714019959 |
| Additional codes following the standard number or code | 01774 |
| 024 3# - OTHER STANDARD IDENTIFIER | |
| Standard number or code | 9780743517744 |
| Additional codes following the standard number or code | 51995 |
| 035 ## - SYSTEM CONTROL NUMBER | |
| System control number | ()33459 |
| 035 ## - SYSTEM CONTROL NUMBER | |
| System control number | (OCoLC)46979729 |
| 040 ## - CATALOGING SOURCE | |
| Original cataloging agency | NVC |
| Transcribing agency | NVC |
| Modifying agency | CPP |
| Description conventions | |
| 049 ## - LOCAL HOLDINGS (OCLC) | |
| Holding library | CPPA |
| 090 ## - LOCALLY ASSIGNED LC-TYPE CALL NUMBER (OCLC); LOCAL CALL NUMBER (OCLC) | |
| Classification number (OCLC) (R) ; Classification number, CALL (RLIN) (NR) | PE1072 |
| Local cutter number (OCLC) ; Book number/undivided call number, CALL (RLIN) | .I54x 2000 |
| 092 ## - LOCALLY ASSIGNED DEWEY CALL NUMBER (OCLC) | |
| Classification number | CD |
| Item number | 463 Pim |
| 100 ## - MAIN ENTRY--PERSONAL NAME | |
| Personal name | Pimsleur |
| 9 (RLIN) | 6483368 |
| 245 00 - TITLE STATEMENT | |
| Title | Ingles |
| Medium | [sound recording]. |
| 246 1# - VARYING FORM OF TITLE | |
| Display text | Container title: |
| Title proper/short title | Pimsleur rapido y facil Ingles |
| 246 3# - VARYING FORM OF TITLE | |
| Title proper/short title | Pimsleur rapido y facil Ingles |
| 246 1# - VARYING FORM OF TITLE | |
| Display text | At head of disc title: |
| Title proper/short title | Pimsleur quick and simple |
| 260 ## - PUBLICATION, DISTRIBUTION, ETC. (IMPRINT) | |
| Place of publication, distribution, etc | New York : |
| Name of publisher, distributor, etc | Simon & Schuster Audio, |
| Date of publication, distribution, etc | p2000. |
| 264 ## - Production, Publication, Distribution, Manufacture, and Copyright Notice. | |
| Place of production, publication, distribution, manufacture | New York : |
| Name of producer, publisher, distributor, manufacturer | Simon & Schuster Audio, |
| Date of production, publication, distribution, manufacture, or copyr | 2000 |
| 300 ## - PHYSICAL DESCRIPTION | |
| Extent | 4 sound discs : |
| Other physical details | digital ; |
| Dimensions | 4 3/4 in. |
| 490 1# - SERIES STATEMENT | |
| Series statement | Pimsleur quick and simple |
| 538 ## - SYSTEM DETAILS NOTE | |
| System details note | Compact discs. |
| 650 #0 - SUBJECT ADDED ENTRY--TOPICAL TERM | |
| Topical term or geographic name as entry element | English language |
| General subdivision | Sound recordings for Spanish speakers. |
| 9 (RLIN) | 6483383 |
| 650 #0 - SUBJECT ADDED ENTRY--TOPICAL TERM | |
| Topical term or geographic name as entry element | English language |
| General subdivision | Self-instruction. |
| 9 (RLIN) | 6483384 |
| 650 #0 - SUBJECT ADDED ENTRY--TOPICAL TERM | |
| Topical term or geographic name as entry element | English language |
| General subdivision | Vocabulary. |
| 9 (RLIN) | 6483385 |
| 650 #0 - SUBJECT ADDED ENTRY--TOPICAL TERM | |
| Topical term or geographic name as entry element | English language |
| General subdivision | Study and teaching. |
| 9 (RLIN) | 83393 |
| 700 1# - ADDED ENTRY--PERSONAL NAME | |
| Personal name | Pimsleur, Paul. |
| 9 (RLIN) | 1853 |
| 830 #0 - SERIES ADDED ENTRY--UNIFORM TITLE | |
| Uniform title | Pimsleur language program |
| 9 (RLIN) | 5824455 |
| 942 ## - ADDED ENTRY ELEMENTS (KOHA) | |
| Koha item type | CD |
| Source of classification or shelving scheme | Dewey Decimal Classification |
| 948 ## - LOCAL PROCESSING INFORMATION (OCLC); SERIES PART DESIGNATOR (RLIN) | |
| Series part designator, SPT (RLIN) | 05/11/2004 |
| z (OCLC) | Sirsi |
| Withdrawn status | Lost status | Source of classification or shelving scheme | Materials specified (bound volume or other part) | Damaged status | Not for loan | Collection code | Home library | Current library | Shelving location | Date acquired | Source of acquisition | Cost, normal purchase price | Total Checkouts | Total Renewals | Full call number | Barcode | Date last seen | Date checked out | Cost, replacement price | Price effective from | Koha item type | Public note |
|---|---|---|---|---|---|---|---|---|---|---|---|---|---|---|---|---|---|---|---|---|---|---|
| Dewey Decimal Classification | .CIRCNOTE. 4 discs | Audiobooks | Wasatch County Library | Wasatch County Library | Second Floor | 08/19/2002 | 35.00 | 37 | 3 | CD 463 Pim | 34301000768368 | 07/18/2024 | 06/29/2022 | 35.00 | 03/20/2020 | Audiobook on CD | .PUBLIC. 4 discs |
